000 00749nam a22002417a 4500
005 20170124110219.0
010 _aA-298465
020 _c00.00
035 _aA-298465
037 _bCen Lib/Ret
040 _aDPL
_bEN
082 _a920
_bUSH
100 _aUsha Bala
_928850
245 _aIndian women freedom fighters 1857-1947 /
_cby Usha Bala [and] Anshu Sharma
260 _aNew Delhi
_bManohar publications
_c1986
270 _bNew Delhi
_a1,ansari road Daryaganj
_e110002
300 _a207p.
_c21cm(Hb)
500 _aIncludes bibliographical references and index
650 _aWomen
_zIndia
_95070
650 _aFreedom fighters
_zIndia
_939561
700 _aSharma, Anshu
_939562
942 _2ddc
_cEN
_h920
_mUSH
999 _c134020
_d134020